00536nam a2200193 a 4500001001300000003000900013005001700022008004100039020002300080082001600103100001700119245006500136260003800201300000900239500003500248650001700283650002500300700001700325nice12345678IN_TiNIC20260116014638.0050524s2008 newa grp 000 0 eng  a0275992519 c79500a327.12bTSA aTsang, Steve aIntelligence and Human Rights in the Era of Global Terrorism aNew Delhi bPentagon Press c2008 a224p aincludes index and biblioraphy aHuman Rights aTerrorism-Prevention1 aTsang, Steve